Slovar inostrannych slov

Gespeichert in:
Bibliographische Detailangaben
Format: Buch
Sprache:Russisch
Veröffentlicht: Moskva : Russkij jazyk, 1984
Ausgabe:11.izd.
Schlagworte:
Tags: Tag hinzufügen
Keine Tags, Fügen Sie das erste Tag hinzu!

MARC

LEADER 00000nam a22000003a 4500
001 stu42059
005 20141122045339.7
008 940209s1984----xxr-----------------rus-d
040 |a STU  |b slo 
041 0 |a rus 
044 |a xxr 
080 |a 801.316.3=82 
245 |a Slovar inostrannych slov 
250 |a 11.izd. 
260 |a Moskva :  |b Russkij jazyk,  |c 1984 
300 |a 606 s 
650 7 |a Slová cudzie  |2 stusub 
650 7 |a Slovníky ruské  |2 stusub 
650 7 |a Slovníky cudzích slov ruské  |2 stusub 
996 |b 284M015892  |c M*823-1  |l MMKN  |s A  |a 24  |w stu42059_0001